zpět

Detail výsledku týmu

The Pub Praha 2 ST, Praha

Datum a čas kvízu

29.5 Celkem bodů Celkový počet nahraných bodů na tomto kvízu bez doplňovacích otázek.
13. Pořadí na kvízu Konečné umístění týmu na tomto kvízu.

Zaznamenané odpovědi

# Otázka Odpověď Body Výsledky
2. Který ze členů britské královs... princ Andrew 1
3. Herecká asociace oznámila jmén... Dana Syslová 0
4. Která společnost se umístila n... Apple 0
5. Fotbalisté z malého afrického... Kapverdy 0
1. Minulý čtvrtek byl na několik... Metrouš 1
6. Asijská poušť Karakum, uprostř... Turkmenistán 0
7. Uveďte, kterým čtyřpísmenným p... vádí 0
8. Vyberte, se kterým živočichem... B 1
9. Pokud bylo cílovým místem slav... růžová (Růžové jezero) 1
10. Britský umělec Gordon Sumner s... Sting 1